The Lord of the rings. (Record no. 65)
[ view plain ]
| 000 -LEADER | |
|---|---|
| fixed length control field | 04842cgm a2200841Ia 4500 |
| 003 - CONTROL NUMBER IDENTIFIER | |
| control field | data |
| 005 - DATE AND TIME OF LATEST TRANSACTION | |
| control field | 20260322212005.0 |
| 007 - PHYSICAL DESCRIPTION FIXED FIELD--GENERAL INFORMATION | |
| fixed length control field | data |
| 008 - FIXED-LENGTH DATA ELEMENTS--GENERAL INFORMATION | |
| fixed length control field | data |
| 019 ## - | |
| -- | 610393634 |
| -- | 137303136 |
| -- | 171054615 |
| -- | 610393634 |
| 020 ## - INTERNATIONAL STANDARD BOOK NUMBER | |
| International Standard Book Number | 0780638379 |
| 020 ## - INTERNATIONAL STANDARD BOOK NUMBER | |
| International Standard Book Number | 9780780638372 |
| 020 ## - INTERNATIONAL STANDARD BOOK NUMBER | |
| International Standard Book Number | 078063702X (c.2) |
| 020 ## - INTERNATIONAL STANDARD BOOK NUMBER | |
| International Standard Book Number | 9780780637023 (c.2) |
| 024 10 - OTHER STANDARD IDENTIFIER | |
| Standard number or code | 794043554223 |
| 028 42 - PUBLISHER OR DISTRIBUTOR NUMBER | |
| Publisher or distributor number | N5542 |
| Source | New Line Home Entertainment |
| 040 ## - CATALOGING SOURCE | |
| Original cataloging agency | TEF |
| Transcribing agency | TEF |
| Modifying agency | CIN |
| -- | RLS |
| -- | JED |
| -- | IUL |
| -- | OCL |
| -- | OCLCQ |
| -- | OCL |
| -- | OCLCQ |
| -- | BTCTA |
| -- | Z5U |
| -- | SINLB |
| -- | NED |
| -- | JRV |
| -- | SMP |
| -- | UPP |
| -- | GK8 |
| -- | CGP |
| -- | OCLCA |
| -- | KKS |
| -- | YDXCP |
| -- | BDX |
| -- | MTG |
| -- | CIN |
| 044 ## - COUNTRY OF PUBLISHING/PRODUCING ENTITY CODE | |
| MARC country code | nz |
| -- | nz |
| 046 ## - SPECIAL CODED DATES | |
| Beginning or single date created | 2001 |
| 050 #4 - LIBRARY OF CONGRESS CALL NUMBER | |
| Classification number | PN1997.2 |
| Item number | .L673 2002 |
| 082 04 - DEWEY DECIMAL CLASSIFICATION NUMBER | |
| Classification number | 791.4371 |
| Edition information | 23 |
| 090 ## - LOCALLY ASSIGNED LC-TYPE CALL NUMBER (OCLC); LOCAL CALL NUMBER (RLIN) | |
| Classification number (OCLC) (R) ; Classification number, CALL (RLIN) (NR) | DVD 612 |
| 001 - CONTROL NUMBER | |
| control field | data |
| 130 0# - MAIN ENTRY--UNIFORM TITLE | |
| Uniform title | Lord of the rings, the fellowship of the ring (Motion picture) |
| 245 14 - TITLE STATEMENT | |
| Title | The Lord of the rings. |
| Name of part/section of a work | The fellowship of the ring |
| Medium | [videorecording] / |
| Statement of responsibility, etc. | Barrie Osborne ... [et al.]. |
| 246 30 - VARYING FORM OF TITLE | |
| Title proper/short title | Fellowship of the ring. |
| 250 ## - EDITION STATEMENT | |
| Edition statement | Widescreen version. |
| 257 ## - COUNTRY OF PRODUCING ENTITY | |
| Country of producing entity | New Zealand. |
| 260 ## - PUBLICATION, DISTRIBUTION, ETC. | |
| Place of publication, distribution, etc. | [Los Angeles, CA] : |
| Name of publisher, distributor, etc. | New Line Home Entertainment, |
| Date of publication, distribution, etc. | c2002. |
| 300 ## - PHYSICAL DESCRIPTION | |
| Extent | 1 videodiscs (178 min.) : |
| Other physical details | sd., col. ; |
| Dimensions | 4 3/4 in . + |
| Accompanying material | 1 DVD-ROM + guide (fold-out) |
| 500 ## - GENERAL NOTE | |
| General note | Based on the novel by J.R.R. Tolkien. |
| 500 ## - GENERAL NOTE | |
| General note | Prequel to: Lord of the Rings: the two towers and Lord of the Rings: the return of the king. |
| 500 ## - GENERAL NOTE | |
| General note | Originally released as a motion picture in 2001. |
| 505 0# - FORMATTED CONTENTS NOTE | |
| Formatted contents note | Disc 1. Main feature -- Disc 2. Special features: 3 in-depth behind-the-scenes programs; 15 featurettes created for lordoftherings.net, exploring the locales and cultures of Middle Earth; original theatrical trailers and TV spots ; music video for 'May it be' by Enya; movie preview of The two towers; video game preview of The two towers by EA. |
| 508 ## - CREATION/PRODUCTION CREDITS NOTE | |
| Creation/production credits note | Director of photography, Andrew Lesnie ; editor, John Gilbert ; music, Howard Shore ; production designer, Grant Major ; costume designers, Ngila Dickson, Richard Taylor ; visual effects supervisor, Jim Rygiel. |
| 511 1# - PARTICIPANT OR PERFORMER NOTE | |
| Participant or performer note | Elijah Wood, Ian McKellen, Liv Tyler, Viggo Mortensen, Sean Astin, Cate Blanchett, John Rhys-Davies, Billy Boyd, Dominic Monaghan, Orlando Bloom, Christopher Lee, Hugo Weaving, Sean Bean, Ian Holm, Andy Serkis. |
| 520 ## - SUMMARY, ETC. | |
| Summary, etc. | In ancient times the Rings of Power were crafted by the Elven-smiths, and Sauron, the Dark Lord, forged the One Ring, filling it with his own power so that he could rule all others. But the One Ring was taken from him, and though he sought it throughout Middle-Earth still it remained lost to him. After many ages it fell, by chance, into the hands of the Hobbit, Bilbo Baggins. On his eleventy-first birthday, Bilbo disappeared, bequeathing to his young cousin, Frodo, the Ruling Ring, and a perilous quest: to journey across Middle-Earth, deep into the shadow of the Dark Lord and destroy the Ring by casting it into the Cracks of Doom. |
| 521 8# - TARGET AUDIENCE NOTE | |
| Target audience note | MPAA rating: PG-13 ; Epic battle sequences and some scary images ; Supplemental material not rated. |
| 538 ## - SYSTEM DETAILS NOTE | |
| System details note | DVD ; NTSC ; 5.1 Dolby digital EX surround sound and 2.0 stereo surround sound; 2.35:1 aspect ratio enhaced for widescreen televisions; Region 1; Access to DVD-ROM Special features requires computer with DVD-ROM drive; internet access may be required for some features; some features may not be available on all players or drives. |
| 546 ## - LANGUAGE NOTE | |
| Language note | In English with optional English subtitles ; closed-captions for the hearing impaired. |
| 600 10 - SUBJECT ADDED ENTRY--PERSONAL NAME | |
| Personal name | Tolkien, J. R. R. |
| Fuller form of name | (John Ronald Reuel), |
| Dates associated with a name | 1892-1973. |
| Title of a work | Fellowship of the ring |
| Form subdivision | Film adaptations. |
| 650 #0 - SUBJECT ADDED ENTRY--TOPICAL TERM | |
| Topical term or geographic name entry element | Baggins, Frodo (Fictitious character) |
| Form subdivision | Drama. |
| 650 #0 - SUBJECT ADDED ENTRY--TOPICAL TERM | |
| Topical term or geographic name entry element | Middle Earth (Imaginary place) |
| Form subdivision | Drama. |
| 655 #7 - INDEX TERM--GENRE/FORM | |
| Genre/form data or focus term | Feature films. |
| Source of term | lcgft. |
| 655 #7 - INDEX TERM--GENRE/FORM | |
| Genre/form data or focus term | Fiction films. |
| Source of term | lcgft. |
| 655 #7 - INDEX TERM--GENRE/FORM | |
| Genre/form data or focus term | Film adaptations. |
| Source of term | lcgft. |
| 655 #7 - INDEX TERM--GENRE/FORM | |
| Genre/form data or focus term | Action and adventure films. |
| Source of term | lcgft. |
| 655 #7 - INDEX TERM--GENRE/FORM | |
| Genre/form data or focus term | Fantasy films. |
| Source of term | lcgft. |
| 655 #7 - INDEX TERM--GENRE/FORM | |
| Genre/form data or focus term | Video recordings for the hearing impaired. |
| Source of term | lcgft. |
| 700 1# - ADDED ENTRY--PERSONAL NAME | |
| Personal name | Osborne, Barrie. |
| 700 1# - ADDED ENTRY--PERSONAL NAME | |
| Personal name | Walsh, Fran, |
| Dates associated with a name | 1959- |
| 700 1# - ADDED ENTRY--PERSONAL NAME | |
| Personal name | Boyens, Philippa. |
| 700 1# - ADDED ENTRY--PERSONAL NAME | |
| Personal name | Jackson, Peter, |
| Dates associated with a name | 1961- |
| 700 1# - ADDED ENTRY--PERSONAL NAME | |
| Personal name | Wood, Elijah, |
| Dates associated with a name | 1981- |
| 700 1# - ADDED ENTRY--PERSONAL NAME | |
| Personal name | McKellen, Ian. |
| 700 1# - ADDED ENTRY--PERSONAL NAME | |
| Personal name | Tyler, Liv. |
| 700 1# - ADDED ENTRY--PERSONAL NAME | |
| Personal name | Mortensen, Viggo, |
| Dates associated with a name | 1958- |
| 700 1# - ADDED ENTRY--PERSONAL NAME | |
| Personal name | Astin, Sean. |
| 700 1# - ADDED ENTRY--PERSONAL NAME | |
| Personal name | Blanchett, Cate, |
| Dates associated with a name | 1969- |
| 700 1# - ADDED ENTRY--PERSONAL NAME | |
| Personal name | Rhys-Davies, John. |
| 700 1# - ADDED ENTRY--PERSONAL NAME | |
| Personal name | Boyd, Billy, |
| Dates associated with a name | 1968- |
| 700 1# - ADDED ENTRY--PERSONAL NAME | |
| Personal name | Monaghan, Dominic, |
| Dates associated with a name | 1976- |
| 700 1# - ADDED ENTRY--PERSONAL NAME | |
| Personal name | Bloom, Orlando, |
| Dates associated with a name | 1977- |
| 700 1# - ADDED ENTRY--PERSONAL NAME | |
| Personal name | Lee, Christopher, |
| Dates associated with a name | 1922- |
| 700 1# - ADDED ENTRY--PERSONAL NAME | |
| Personal name | Weaving, Hugo, |
| Dates associated with a name | 1960- |
| 700 1# - ADDED ENTRY--PERSONAL NAME | |
| Personal name | Bean, Sean. |
| 700 1# - ADDED ENTRY--PERSONAL NAME | |
| Personal name | Holm, Ian, |
| Dates associated with a name | 1931- |
| 700 1# - ADDED ENTRY--PERSONAL NAME | |
| Personal name | Serkis, Andy. |
| 700 1# - ADDED ENTRY--PERSONAL NAME | |
| Personal name | Tolkien, J. R. R. |
| Dates associated with a name | 1892-1973. |
| Fuller form of name | (John Ronald Reuel), |
| Title of a work | Fellowship of the ring. |
| 710 2# - ADDED ENTRY--CORPORATE NAME | |
| Corporate name or jurisdiction name as entry element | New Line Cinema Corporation. |
| 710 2# - ADDED ENTRY--CORPORATE NAME | |
| Corporate name or jurisdiction name as entry element | WingNut Films (Firm) |
| 710 2# - ADDED ENTRY--CORPORATE NAME | |
| Corporate name or jurisdiction name as entry element | New Line Home Entertainment (Firm) |
| Withdrawn status | Lost status | Damaged status | Not for loan | Home library | Current library | Shelving location | Date acquired | Total checkouts | Full call number | Barcode | Date last seen | Price effective from | Koha item type |
|---|---|---|---|---|---|---|---|---|---|---|---|---|---|
| Centerville | Centerville | General stacks | 22/03/2026 | 791.4371 23 | BC0010068 | 22/03/2026 | 22/03/2026 | Books |